Estatísticas para Cristiano Ronaldo

Clique aqui para jogar o quiz

Estatísticas Gerais

  • Esse quiz foi jogado 146 vezes
  • A pontuação média é 10 de 13

Estatísticas das Respostas

HintResposta% Correto
Quantas vezes ganhou a Liga dos Campeões da UEFA?5
98%
Para que clube foi jogar em 2009?Real Madrid
98%
Qual o primeiro clube em que jogou profissionalmente?Sporting Clube de Portugal
95%
Quantas Bolas de Ouro ganhou ao serviço deste clube?4
94%
Em que ano nasceu Cristiano Ronaldo?1985
93%
Para que clube foi jogar em 2003?Manchester United
93%
Em que ano vence, ao serviço da Seleção Portuguesa, o campeonato europeu?2016
87%
Como se chama o seu primeiro filho, nascido em 2010?Cristiano Ronaldo dos Santos Júnior
75%
Qual o nome da mulher, mãe da sua última filha?Georgina Rodriguez
67%
Come se chama a mãe de Cristiano Ronaldo?Dolores Aveiro
66%
Em 2015 ultrapassou o recorde de golos de qual jogador, no clube onde estava?Raúl González
54%
Em 2014, Cristiano Ronaldo ultrapassou o recorde de golos pela selecção nacional de que jogador?Pauleta
24%
Qual o nome da sua filha mais nova?Alana Martina
21%

Distribuição das Pontuações

Percentil de Números Respondidos

Porcentagem de Pessoas com Cada Pontuação

Sua Pontuação Histórica

Você não jogou esse quiz